000 00920cam a22002897a 4500
001 14268798
005 20201128021126.0
008 060216t2006 xxua frb 001 0 eng d
010 _a2006922522
020 _a0387310738 (hd.bd.)
020 _a9780387310732
040 _aOHX
_cOHX
_dPU
_dDLC
_dEG-ScBUE
082 0 0 _a006.4
_222
_bBIS
100 1 _aBishop, Christopher M.
_936538
245 1 0 _aPattern recognition and machine learning /
_cChristopher M. Bishop.
260 _aNew York, United States :
_bSpringer,
_cc.2006.
300 _axx, 738 p. :
_bill. (col.) ;
_c25 cm.
490 0 _aInformation science and statistics
500 _aIncludes appendixes.
500 _aIndex : p. 729-738.
504 _aBibliography : p. 711-728.
650 0 _aPattern perception
_96297
650 0 _aMachine learning
_92922
653 _bCOMSCI
_cNovember2014
655 _vreading book
_934232
942 _2ddc
_k006.4 BIS
999 _c18620
_d18592